000 00344nam a2200157Ia 4500
003 OSt
005 20231226044209.0
008 170524s9999 xx 000 0 und d
020 _a9814126969
040 _cIIMTU
100 _aRamon- Pallas-Areny
245 0 _aAnalog Signal Processing
260 _bWiley
260 _c1999
942 _2ddc
_c02
999 _c5933
_d5933